La demografía y la dialéctica de su objetivo y método /

Gespeichert in:
Bibliographische Detailangaben
1. Verfasser: Dierckxsens, Wim
Weitere Verfasser: ed. Fernandez, Mario E. ed
Format: Text
Sprache:Spanish
Veröffentlicht: San José: EDUCA
Schlagworte:
Tags: Tag hinzufügen
Keine Tags, Fügen Sie den ersten Tag hinzu!

MARC

LEADER 00000 a a2200000 04500
001 33164
003 cru CRAIS/IIS
005 20210903112812.0
008 210903b1979 |||||||| |||| 00| 0 spa d
040 |c CRAIS/IIS 
090 |a 03.01.01 D563e 
100 |a Dierckxsens, Wim  
245 |a La demografía y la dialéctica de su objetivo y método / 
260 |a San José:   |b EDUCA  
300 |a Páginas 65 - 85 
440 |n 03 
650 |a TEORIA DE LA POBLACION  
650 |a DEMOGRAFIA  
650 |a ECONOMIA  
700 |a ed.   |a Fernandez, Mario E.   |a ed.  
773 0 |0 150  |9 2514  |a Dierckxsens, Wim   |d San José: EDUCA 1979  |o 19529  |t Economía y población:/  |w (cru CIDCACS/IIS)33171 
942 |2 ddc  |c LI  |h 03.01.01  |i 19529  |6 030101_19529 
999 |c 13185  |d 13185